|
|
|
|
| LEADER |
00000cas a2200000 i 4500 |
| 001 |
vtls008883901 |
| 003 |
SK-MaSNL |
| 005 |
20260228162218.0 |
| 008 |
160627c19921994xo mr par 0 0 b0sloo |
| 035 |
|
|
|a (SVKBB03)vtls000141707
|
| 040 |
|
|
|a SVKBB
|b slo
|c SVKBB
|d SNK
|e AACR2
|
| 041 |
0 |
|
|a slo
|
| 044 |
|
|
|a xo
|c SK
|
| 072 |
|
7 |
|a 796
|x Šport. Hry. Telesné cvičenia
|2 konspekt
|
| 080 |
|
|
|a 796/799
|2 2011
|
| 080 |
|
|
|a 796/799:061
|2 2011
|
| 080 |
|
|
|a 796/799(051)
|2 2011
|
| 245 |
0 |
0 |
|a Slovan
|b obrázkový farebný dvojtýždenník o živote v ŠK Bratislava
|
| 260 |
|
|
|a Bratislava
|b FM Commp Trading
|c 1992-1994
|
| 300 |
|
|
|a 3 zv.
|c 35 cm
|
| 310 |
|
|
|a 1x mesačne
|b 1994
|
| 321 |
|
|
|a 26x ročne
|b 1992-1993
|
| 362 |
0 |
|
|a Roč. 1, č. 1 (1992)-roč. 3, č. 3 (1994)
|z SKP
|
| 650 |
0 |
7 |
|a šport
|2 SNKPH
|9 1042
|
| 650 |
0 |
7 |
|a športové kluby
|2 SNKPH
|9 70137
|
| 655 |
|
7 |
|a športové časopisy
|2 SNKPH
|9 145628
|
| 710 |
2 |
|
|a Športový klub Slovan (Bratislava, Slovensko)
|4 pbl
|9 270568
|
| 910 |
|
|
|a snk
|
| 999 |
|
|
|c 7151
|d 9081
|
| 952 |
|
|
|0 0
|1 0
|4 0
|7 0
|a SNK
|b SNK
|d 2010-06-03
|i snkČSP 1421/97
|l 0
|o snkČSB 4222/2/1993
|p 17A0656327
|r 2026-02-21 19:43:22
|t č. 1-17
|w 2026-02-21
|y PREZ
|
| 952 |
|
|
|0 0
|1 0
|4 0
|7 0
|a SNK
|b SNK
|d 2020-02-12
|i snkČSP 3719/94
|l 0
|o snkČSB 4223/4/1993
|p 17A1347357
|r 2026-02-21 22:29:50
|t č. 1-8
|w 2026-02-21
|y PREZ
|